书目信息 |
| 题名: |
健康小顾问
|
|
| 作者: | 俞础文 , 李宴龄 编著 | |
| 分册: | ||
| 出版信息: | 郑州 河南科学技术出版社 1973 |
|
| 页数: | 264页 | |
| 开本: | 19cm | |
| 丛书名: | ||
| 单 册: | ||
| 中图分类: | R-49 | |
| 科图分类: | ||
| 主题词: | 医药学 | |
| 电子资源: | ||
| ISBN: | ||
| 000 | 00684nam0 2200253 45 | |
| 001 | 0182005243 | |
| 005 | 20060810160732.06 | |
| 010 | @dCNY0.55 | |
| 091 | @a14105.90 | |
| 100 | @a19950416d1973 em y0chiy0121 ea | |
| 101 | 0 | @achi |
| 102 | @aCN@b410000 | |
| 105 | @ay z 000yy | |
| 200 | 10 | @a健康小顾问@Ajian kang xiao gu wen@f李宴龄, 俞础文编著@Fli yan ling,yu chu wen bian zhu |
| 205 | @a3版 | |
| 210 | @a郑州@c河南科学技术出版社@d1973 | |
| 215 | @a264页@d19cm | |
| 606 | 0 | @a医药学 |
| 690 | @aR-49 | |
| 701 | 0 | @a俞础文@Ayu chu wen@4编著 |
| 701 | 0 | @a李宴龄@Ali yan ling@4编著 |
| 801 | 0 | @aCN@b上海图书馆@c20060810 |
| 801 | 2 | @aCN@bNLC@c20060418 |
| 905 | @dR-49@e1=3 | |
| 健康小顾问/李宴龄, 俞础文编著.-3版.-郑州:河南科学技术出版社,1973 |
| 264页;19cm |
| ISBN :CNY0.55 |
| ● |
| 相关链接 |
|
|
|
|
正题名:健康小顾问
索取号:R-49/1=3
 
预约/预借
| 序号 | 登录号 | 条形码 | 馆藏地/架位号 | 状态 | 备注 |
| 1 | 0024547 | 001693714 | 密集书库/ [索取号:R-49/1=3] | 在馆 | |
| 2 | 0452184 | 204521847 | 密集书库/ [索取号:R-49/1=3] | 在馆 |